000
00294nam a22001217a 4500
008
181101b xxu||||| |||| 00| 0 eng d
041
_a
eng
080
_a
615.5
100
_a
7
101
_a
DER
245
_a
Adictionary Dermatological Words Terms And Phrases
_c
MOrris.l
942
_2
udc
_c
BK
999
_c
51394
_d
51394